Acta oeconomica Cassoviensia scientific journal

Guardado en:
Detalles Bibliográficos
Formato: Seriadas
Lenguaje:inglés
Publicado: Košice PHF EU Košice 2016
Etiquetas: Agregar Etiqueta
Sin Etiquetas, Sea el primero en etiquetar este registro!

MARC

LEADER 00000nas2a2200000 4500
001 0228607
005 20210702110319.9
022 |a 1337-6020 
041 0 |a eng 
044 |a SK 
245 1 0 |a Acta oeconomica Cassoviensia  |b scientific journal 
264 1 |a Košice  |b PHF EU Košice  |c 2016 
773 0 |w eu_un_cat*0085788 
774 0 |w eu_un_cat*0276755